Responses for Show #6557 - Tuesday, March 5, 2013

Drew Horwood game 1.

Contestants

[<< previous game]

Ilene Morgan, a mathematics professor from Rolla, Missouri

Drew Horwood, a business analyst from Minneapolis, Minnesota

Dylan Wint, a neurologist and psychiatrist from Las Vegas, Nevada (whose 1-day cash winnings total $7,199)

[next game >>]

Jeopardy! Round responses

FIRESTARTER
NEEDFUL THINGS
"IT"
CARRIE
THE SHINING
STEPHEN KING
    $200 26
(Dylan: What's a tenement?)

a barn

DylanDrew
    $200 21
a mitt (or glove)

Dylan
    $200 2
(Dylan: [No response])

a hissy fit

DylanIlene
    $200 9
Carrie Underwood

Drew
    $200 1
moonshine

Ilene
    $200 14
Maine

Dylan
    $400 27
Christianity

Ilene
    $400 22
Alaska

Drew
    $400 3
bitter

Drew
    $400 10
Carrie Fisher

Drew
    $400 4
fireflies

Dylan
    $400 15
Cujo

Dylan
    $600 28
Halifax

Drew
    $600 23
paprika

Dylan
    $600 6
flit

Dylan
    $600 11
Sarah Jessica Parker

Drew
    $600 5
Searchlight

Ilene
    $600 16
The Green Mile

Drew
    $800 29
the Forest Service

Ilene
    $800 24
a quorum

Drew
    $800 7
glitter

Dylan
    $800 12
Carol Burnett

Triple Stumper
    $800 19
buff

Dylan
    $800 17
telekinesis

Drew
    $1000 30
Samuel Pepys

Ilene
    $1000 25
the pancreas

Dylan
    $1000 8
a litany

Ilene
    $1000 13
Carrie-Anne Moss

Drew
    $1000 20
(Drew: What is the chronosphere?)

the photosphere

DrewIlene
    $1,000 18
(Drew: [Long pause] What is a rock? Plymouth Rock. [Shaking head])

a Fury

Drew

Scores at the first commercial break (after clue 15):

Dylan Drew Ilene
$2,200 $2,600 $2,000

Scores at the end of the Jeopardy! Round:

Dylan Drew Ilene
$4,600 $4,000 $5,200

Double Jeopardy! Round responses

ALL ABOUT ANIMALS
TOUCHED BY AN ANGLE
(Alex: Not an angel.)
IT BORDERS THE ATLANTIC OCEAN
VIDEO-POURRI
MUSICALS' OPENING SONGS
STARTS WITH A PIECE OF CLOTHING
    $400 20
porcupines

Dylan
    $400 16
England

Drew
    $400 1
France

Drew
    $400 6
Queen Victoria

Drew
    $400 4
How to Succeed in Business Without Really Trying

Drew
    $400 12
a socket

Dylan
    $800 21
the trachea

Ilene
    $800 17
Atlanta

Dylan
    $800 2
Liberia

Drew
    $800 27
the Coliseum

Dylan
    $800 5
Camelot

Dylan
    $800 13
a tiebreaker

Dylan
    $1,000 22
(Ilene: [pause] I don't know.)

a meerkat

Ilene
    $1200 19
Patton

Ilene
    $1200 3
(Dylan: What is Burundi?)

Uruguay

DylanIlene
    $1200 28
a chameleon

Drew
    $1200 9
West Side Story

Ilene
    $1200 14
a hatchery

Dylan
    $1600 23
a rook

Triple Stumper
    $1600 25
(Drew: What is turbulence?)

attack angle

DylanDrew
    $500 7
Morocco

Drew
    $1600 30
Canton

Triple Stumper
    $1600 10
The Fantasticks

Ilene
    $1600 15
a pantomime

Ilene
    $2000 24
a mamba

Dylan
    $2000 26
the cosine

Dylan
    $2000 8
Portugal

Drew
    $2000 29
(Drew: Who is Greene?)

Bugsy Siegel

Drew
Triple Stumper
    $2000 11
Annie Get Your Gun

Drew
    $2000 18
vestigial

Dylan

Scores at the end of the Double Jeopardy! Round:

Dylan Drew Ilene
$16,200 $8,500 $11,800

[wagering suggestions for these scores]

Final Jeopardy! Round responses

CLASSIC NOVELS
(Alex: [To Drew] [*]--Tolstoy's great novel--you're right.)
DrewWhat is Anna Karenina?
$8,498
IleneWhat is Anna Karenina?
$3,000
DylanWhat is Murder on the Orient Express?
$7,400
Anna Karenina

Final scores:

Dylan Drew Ilene
$8,800 $16,998 $14,800
3rd place: $1,000 New champion: $16,998 2nd place: $2,000

Game dynamics:

Coryat scores:

Dylan Drew Ilene
$16,200 $10,600 $12,800
20 R,
3 W
20 R
(including 1 DD),
4 W
(including 1 DD)
14 R,
1 W
(including 1 DD)

Combined Coryat: $39,600

[game clues] [game scores] [suggest correction]

Game tape date: 2012-10-29
The J! Archive is created by fans, for fans. Scraping, republication, monetization, and malicious use prohibited; this site may use cookies and collect identifying information. See terms. The Jeopardy! game show and all elements thereof, including but not limited to copyright and trademark thereto, are the property of Jeopardy Productions, Inc. and are protected under law. This website is not affiliated with, sponsored by, or operated by Jeopardy Productions, Inc. Join the discussion at JBoard.tv.